Statistics for Best Actor at the Cannes Film Festival

Click here to take the quiz!

General Stats

  • This quiz has been taken 205 times
    (110 since last reset)
  • The average score is 22 of 69

Answer Stats

YearNationalityFilmAnswer% Correct
2009AustriaInglourious BasterdsChristoph Waltz
88%
2011FranceThe ArtistJean Dujardin
84%
2010SpainBiutifulJavier Bardem
78%
1990FranceCyrano de BergeracGérard Depardieu
73%
2012DenmarkThe HuntMads Mikkelsen
63%
2017USAYou Were Never Really HereJoaquin Phoenix
61%
1985USAKiss of the Spider WomanWilliam Hurt
61%
2013USANebraskaBruce Dern
59%
2014UKMr. TurnerTimothy Spall
55%
2008USACheBenicio del Toro
53%
1952USAViva Zapata!Marlon Brando
51%
1991USABarton FinkJohn Turturro
47%
1993UKNakedDavid Thewlis
45%
1989USAsex, lies and videotapeJames Spader
45%
1987ItalyDark EyesMarcello Mastroianni
45%
1970ItalyThe Pizza TriangleMarcello Mastroianni
45%
1988USABirdForest Whitaker
41%
1982USAMissingJack Lemmon
41%
1979USAThe China SyndromeJack Lemmon
41%
1974USAThe Last DetailJack Nicholson
41%
1992USAThe PlayerTim Robbins
41%
1997USAShe's So LovelySean Penn
39%
2005USAThe Three Burials of Melquiades EstradaTommy Lee Jones
39%
1978USAComing HomeJon Voight
37%
1946USAThe Lost WeekendRay Milland
37%
2000Hong KongIn the Mood for LoveTony Leung Cheu Wai
37%
1969FranceZJean-Louis Trintignant
35%
1955USABad Day At Black RockSpencer Tracy
35%
2006France (five actors, enter one)Days of GloryJamel Debouze, Samy Naceri, Roschdy Zem, Sami Bouajila, Bernard Blancan
31%
1996Belgium, France (enter one)La huitième jourPascal Duquenne, Daniel Auteuil
31%
2015FranceThe Measure of a ManVincent Lindon
31%
2001FranceThe Piano TeacherBenoit Magimel
29%
1958USAThe Long, Hot SummerPaul Newman
29%
1986UKMona LisaBob Hoskins
27%
1965UKThe CollectorTerence Stamp
27%
1959USA (3 actors, enter one)CompulsionBradford Dillman, Dean Stockwell, Orson Welles
24%
2018ItalyDogmanMarcello Fonte
24%
1980FranceA Leap in the DarkMichel Piccoli
24%
1998UKMy Name is JoePeter Mullan
24%
2016IranThe SalesmanShahab Hosseini
24%
2010ItalyLa nostra vitaElio Germano
22%
1995UKCarringtonJonathan Pryce
22%
1986FranceMénageMichel Blanc
22%
1963IrelandThis Sporting LifeRichard Harris
22%
1975ItalyThe Scent of a WomanVittorio Gassman
22%
1984Spain (two actors, enter one)Los santos inocentesAlfredo Landa, Francisco Rabal
20%
1994ChinaTo LiveGe You
20%
1972FranceNous ne vieillirons pas ensembleJean Yanne
20%
2007RussiaThe BanishmentKonstantin Lavronenko
20%
1961USAGoodbye AgainAnthony Perkins
18%
1962USA, USA, UK (enter one)Long Day's Journey into the NightDean Stockwell, Jason Robards, Ralph Richardson
18%
1949USAHouse of StrangersEdward G. Robinson
18%
1977SpainElisa, vida míaFernando Rey
18%
2002BelgiumThe SonOlivier Gourmet
18%
1981ItalyLa tragedia di un uomo ridicoloUgo Tognazzi
18%
1999FranceHumanitéEmannuel Schotté
16%
1973ItalyLove and AnarchyGiancarlo Giannini
16%
1983ItalyLa Mort de Mario RicciGian Maria Volonté
16%
1964HungaryPacsirtaAntál Pager
14%
1957USAValley of PeaceJohn Kitzmiller
14%
1962UKA Taste of HoneyMurray Melvin
14%
2003Turkey (two actors, enter one)UzakMuzaffer Ozdemir, Mehmet Emin Toprak
14%
1967IsraelThree Days and a ChildOded Kotler
14%
1971ItalySacco e VanzettiRiccardo Cucciolla
14%
2004JapanNobody KnowsYuya Yagira
14%
1976SpainPascal DuarteJosé Luis Gómez
12%
1951UKThe Browning VersionMichael Redgrave
12%
1966SwedenSultPer Oscarsson
12%
1964ItalySeduced and AbondonedSaro Urzì
8%

Score Distribution

Percentile by Number Answered

Percent of People with Each Score

Your Score History

You have not taken this quiz since the last reset